Udržateľnosť vybraného podniku v zložitom podnikateľskom prostredí diplomová práca

Salvato in:
Dettagli Bibliografici
Autore principale: Havlasová, Tímea
Ente Autore: Fakulta podnikového manažmentu EU. Katedra manažmentu
Altri autori: Mišúnová Hudáková, Ivana, 1976-
Natura: Libro
Lingua:slovacco
Pubblicazione: Bratislava 2025
Tags: Aggiungi Tag
Nessun Tag, puoi essere il primo ad aggiungerne!!

MARC

LEADER 00000nbm a2200000 4500
001 0309937
005 20260324112656.4
041 0 |a slo 
044 |a SK 
245 1 0 |a Udržateľnosť vybraného podniku v zložitom podnikateľskom prostredí  |b diplomová práca  |c Tímea Havlasová ; školiteľ: Ivana Mišúnová Hudáková 
264 1 |a Bratislava  |c 2025 
300 |a 91 s. 
100 1 |a Havlasová, Tímea 
700 1 |a Mišúnová Hudáková, Ivana, 1976- 
710 2 |a Fakulta podnikového manažmentu EU. Katedra manažmentu